Catalog

Record Details

Catalog Search



Psychologie pro střední školy  Cover Image Book Book

Psychologie pro střední školy / Zdeněk Helus

Record details

  • ISBN: 80-7168-876-2
  • Physical Description: 119 s. : il. ; 21 cm
  • Edition: Vyd. 3.
  • Publisher: Praha : Fortuna, 2003

Content descriptions

Bibliography, etc. Note:
Obsahuje bibliografii
Subject: psychologie
psychology
Genre: učebnice středních škol
textbooks (secondary)

Available copies

  • 1 of 1 copy available at Common Catalog SPOK.

Holds

  • 0 current holds with 1 total copy.
Show Only Available Copies
Location Call Number / Copy Notes Barcode Shelving Location Status Due Date
Varianty Cho He 4605401397 Šafaříkova 17 - 5. patro, chodba Available -

Electronic resources

Version of Resource: Digitalizovaný dokument


LDR 01259nam a2200361 a 4500
00131904
003CZ-PrJAB
00520190525082118.0
007tu
008040211s2003 xr a d p 000 0 cze
015 . ‡acnb001286178
020 . ‡a80-7168-876-2 ‡q(brož.) : ‡cKč 89,00
035 . ‡a(CZ PrNK)cpk20041286178
035 . ‡a(OCoLC)56865509
040 . ‡aBOA001 ‡bcze ‡dABA001
072 7. ‡a37.016 ‡xUčební osnovy. Vyučovací předměty. Učebnice ‡2Konspekt ‡922
072 7. ‡a159.9 ‡xPsychologie ‡2Konspekt ‡917
080 . ‡a159.9 ‡2MRF
080 . ‡a(075.3) ‡2MRF
1001 . ‡aHelus, Zdeněk, ‡d1935-2016 ‡7jk01040701 ‡4aut
24510. ‡aPsychologie pro střední školy / ‡cZdeněk Helus
2461 . ‡aPsychologie : ‡bpsychologie pro střední školy
250 . ‡aVyd. 3.
260 . ‡aPraha : ‡bFortuna, ‡c2003
300 . ‡a119 s. : ‡bil. ; ‡c21 cm
504 . ‡aObsahuje bibliografii
65007. ‡apsychologie ‡7ph115948 ‡2czenas
65009. ‡apsychology ‡2eczenas
655 7. ‡aučebnice středních škol ‡7fd133771 ‡2czenas
655 9. ‡atextbooks (secondary) ‡2eczenas
85641. ‡uhttp://krameriusndk.nkp.cz/search/handle/uuid:73871d50-bdc1-11e4-b2e2-005056827e52 ‡yDigitalizovaný dokument
910 . ‡aABH006
901 . ‡a31904 ‡b ‡c31904 ‡tbiblio

Additional Resources